Statystyki dla Państwa Azji według dwóch pierwszych liter - 20 sekund

Kliknij tutaj aby rozwiązać quiz!

Ogólne statystyki

  • Ten quiz został rozwiązany 266 razy
  • Średni wynik to 20 z 48

Odpowiedzi na mapie

Odpowiedzi skodowane kolorowo w zielono-czerwonej skali na mapie do tego quizu, zgodnie z poniższymi procentami.
 

Statystyki odpowiedzi

Kraj% Poprawnych
Chiny
93%
Kambodża
89%
Katar
89%
Kazachstan
89%
Indie
80%
Indonezja
80%
Arabia Saudyjska
69%
Armenia
69%
Mongolia
65%
Turcja
65%
Turkmenistan
65%
Irak
62%
Iran
62%
Tadżykistan
58%
Tajlandia
58%
Tajwan
58%
Japonia
57%
Pakistan
47%
Korea Północna
46%
Korea Południowa
46%
Afganistan
40%
Kirgistan
40%
Oman
39%
Uzbekistan
39%
Jemen
35%
Nepal
29%
Izrael
27%
Bahrajn
25%
Bangladesz
25%
Syria
25%
Wietnam
25%
Sri Lanka
24%
Azerbejdżan
23%
Gruzja
23%
Zjednoczone
Emiraty Arabskie
23%
Malediwy
22%
Malezja
22%
Bhutan
20%
Filipiny
20%
Mjanma
20%
Laos
19%
Jordania
16%
Kuwejt
16%
Singapur
11%
Liban
10%
Cypr
8%
Brunei
6%
Timor Wschodni
5%

Rozkład punktacji

Percentyl według liczby udzielonych odpowiedzi

Procent ludzi z każdym wynikiem

Twoja historia wyników

Nie rozwiązałeś tego quizu